01086pam a2200277 a 45000010008000000030006000080050017000140080041000310100017000720200027000890400018001160500023001340820020001572450124001772600051003013000021003524900018003735040053003915050155004446500022005996500014006217000023006357000021006588300040006798560089007192105996GBCCL20241126110722.0960417s1996 miu b 001 0 eng  a 96016189  a0310201551 (softcover) aDLCcDLCdDLC00aBT767.3b.A74 199600a234.13220bARE00aAre miraculous gifts for today? :bfour views /cRichard B. Gaffin, Jr. ... [et al.] ; Wayne A. Grudem, general editor. aGrand Rapids, Mich. :bZondervan Pub.,cc1996. a368 p. ;c21 cm.1 aCounterpoints aIncludes bibliographical references and indexes.0 aCessationist / Richard B. Gaffin, Jr. -- Open but cautious / R. L. Saucy -- Third wave / C. Samuel Storms -- Pentacostal/charismatic / Douglas A. Oss. 0aGifts, Spiritual. 0aMiracles.1 aGaffin, Richard B.1 aGrudem, Wayne A. 0aCounterpoints (Grand Rapids, Mich.)423Publisher descriptionuhttp://www.loc.gov/catdir/enhancements/fy0633/96016189-d.html